000 00744nam a2200289Ia 4500
001 13877
003 IT-RoPAU
008 130308s9999 xx 000 0 und d
040 _aIT-RoPAU
040 _cIT-RoPAU
041 _aITALIANO
100 _aBazin Andrè
100 _gCodice Aut. SPICS: 9432
245 _aDifesa di Rossellini
245 _bRoberto Rossellini (Savelli 1972)
250 _a1a ed.
260 _aROMA
260 _bSamona' E Savelli
260 _c1972 [1° Ed.:1972 - Ed.Ling.Originale:1972]
300 _a"8 p. (prefazione: no ; testo: 8 [pagine: 317-324])"
650 _aAUTORI/OPERE DEL CINEMA
650 _eCodice materia Spics: 6807
942 _cBK
957 _71
999 _c52620
_d52620
999 _bSI
999 _g1